[Event "Lichtenberger Sommer 2019"]
[Site "Berlin"]
[Date "2019.08.20"]
[Round "4.86"]
[White "Hildebrandt, Tom"]
[Black "Theilig, Reinhard"]
[Result "0-1"]
[WhiteElo "1200"]
[BlackElo "1560"]
[PlyCount "72"]
[EventDate "2019.??.??"]
[BlackTeam "VfB Hermsdorf"]

1. c4 d6 2. d4 Nf6 3. Nc3 g6 4. e4 Bg7 5. Nf3 O-O 6. Be2 Nbd7 7. O-O c5 8. d5
a6 9. a4 Re8 10. Bf4 Nf8 11. Qc2 Nh5 12. Bg5 h6 13. Bd2 Nf6 14. Bf4 N8d7 15.
Rad1 Nh5 16. Be3 Kh7 17. Nd2 Nhf6 18. f4 e6 19. e5 dxe5 20. dxe6 fxe6 21. fxe5
Nxe5 22. Nde4 Nfd7 23. Nxc5 Qe7 24. Nxd7 Bxd7 25. Bd4 Bc6 26. Bxe5 Bxe5 27. Bh5
Qg7 28. Rfe1 Bxc3 29. bxc3 Bxa4 30. Bxg6+ Qxg6 31. Qxa4 Rad8 32. Rd7+ Kh8 33.
Rxb7 e5 34. Qa5 Rd2 35. g3 Qc2 36. Qc7 Rg2+ 0-1

[Event "Lichtenberger Sommer 2019"]
[Site "Berlin"]
[Date "2019.08.20"]
[Round "4.88"]
[White "Nimptsch, Nikolas"]
[Black "Morczynski, Ryszard"]
[Result "1/2-1/2"]
[WhiteElo "1500"]
[BlackElo "1304"]
[PlyCount "135"]
[EventDate "2019.??.??"]
[WhiteTeam "Leegebrucher SF"]
[BlackTeam "SK Zehlendorf"]

1. d4 Nf6 2. c4 g6 3. Nf3 Bg7 4. Nc3 O-O 5. Bf4 d6 6. h3 c5 7. e3 cxd4 8. exd4
Nh5 9. Bh2 f5 10. Be2 Nd7 11. Ng5 Ndf6 12. O-O Bh6 13. Nf3 Nf4 14. Re1 Nxe2+
15. Qxe2 Re8 16. Rad1 Bd7 17. d5 Rc8 18. Nd4 Qc7 19. b3 f4 20. Ne6 Bxe6 21.
Qxe6+ Kg7 22. Ne2 Qd7 23. Nxf4 Bxf4 24. Bxf4 Qxe6 25. Rxe6 Rc7 26. Bg5 Kf7 27.
Rde1 Ng8 28. h4 b5 29. Bf4 bxc4 30. Bxd6 Rd7 31. Bc5 Rxd5 32. Bxa7 cxb3 33.
axb3 Ra8 34. Ra6 Rd7 35. Rea1 Rd6 36. Rxd6 exd6 37. Bd4 Rxa1+ 38. Bxa1 Ke6 39.
Kf1 Kd5 40. Ke2 Ne7 41. Kd3 Nc6 42. Bc3 Kc5 43. g4 d5 44. f4 Kd6 45. f5 gxf5
46. gxf5 Ne5+ 47. Bxe5+ Kxe5 48. b4 Kxf5 49. Kd4 Ke6 50. b5 Kd6 51. h5 h6 52.
b6 Kc6 53. b7 Kxb7 54. Kxd5 Kc7 55. Ke6 Kd8 56. Kd6 Ke8 57. Ke6 Kf8 58. Kf6 Kg8
59. Kg6 Kh8 60. Kxh6 Kg8 61. Kg5 Kh7 62. h6 Kg8 63. Kg6 Kh8 64. Kh5 Kg8 65. Kg5
Kh7 66. Kh5 Kg8 67. Kg6 Kh8 68. h7 1/2-1/2

[Event "Lichtenberger Sommer 2019"]
[Site "Berlin"]
[Date "2019.08.20"]
[Round "4.89"]
[White "Abraham, Helmut"]
[Black "Heinrich, Bert"]
[Result "1/2-1/2"]
[WhiteElo "1468"]
[BlackElo "1575"]
[PlyCount "122"]
[EventDate "2019.??.??"]
[WhiteTeam "SC Kreuzberg"]
[BlackTeam "RW Neuenhagen"]

1. Nf3 b6 2. c4 Bb7 3. e3 Nf6 4. Nc3 g6 5. Be2 Bg7 6. O-O O-O 7. d4 d5 8. cxd5
Nxd5 9. Bd2 Nd7 10. Rc1 e5 11. Nxd5 Bxd5 12. Bc4 Bb7 13. Bb4 Re8 14. Qb3 Qf6
15. d5 e4 16. Bc3 Qe7 17. Nd4 Ne5 18. Bb5 Rec8 19. Nc6 Qg5 20. Nxe5 Bxe5 21.
Bxe5 Qxe5 22. Bc6 Ba6 23. Rfd1 Rab8 24. Rd4 Bd3 25. Bb5 c5 26. Ra4 Bxb5 27.
Qxb5 Qxd5 28. Rxa7 Rd8 29. Qb3 c4 30. Qc2 Rbc8 31. g3 b5 32. Ra5 Qc6 33. Qc3
Rd3 34. Qe5 Rd5 35. Qe7 Re8 36. Qb4 Red8 37. a4 Qd7 38. axb5 Rd1+ 39. Rxd1
Qxd1+ 40. Kg2 Qf3+ 41. Kh3 Qf5+ 42. Kg2 Rd5 43. Ra8+ Kg7 44. Qc3+ Kh6 45. Ra1
Rxb5 46. Rb1 Qf3+ 47. Kg1 Qe2 48. Qf6 Rf5 49. Qh4+ Kg7 50. Rf1 Qd3 51. g4 Rb5
52. g5 Qd5 53. Qf4 Rxb2 54. Qf6+ Kg8 55. Qxb2 Qxg5+ 56. Kh1 Qg4 57. Qb8+ Kg7
58. Qg3 Qe2 59. Rc1 Qd2 60. Rxc4 Qd1+ 61. Qg1 Qf3+ 1/2-1/2

[Event "Lichtenberger Sommer 2019"]
[Site "Berlin"]
[Date "2019.08.20"]
[Round "4.90"]
[White "Paris, Gerhard"]
[Black "Fricke, Janek Konrad"]
[Result "0-1"]
[WhiteElo "1384"]
[BlackElo "1536"]
[PlyCount "52"]
[EventDate "2019.??.??"]
[WhiteTeam "TSG Oberschöneweide"]
[BlackTeam "SV Empor Berlin"]

1. e4 c5 2. Nc3 Nc6 3. g3 d6 4. Bg2 g6 5. d3 Bg7 6. Be3 e5 7. Qd2 Nge7 8. Bh6
O-O 9. Bxg7 Kxg7 10. h4 f6 11. h5 g5 12. h6+ Kh8 13. Nh3 Ng6 14. f3 Nd4 15.
O-O-O Be6 16. Ng1 Rc8 17. Nge2 Ne7 18. Rh5 Qe8 19. g4 Rg8 20. Ng3 b5 21. Nf5 b4
22. Nd5 Nxd5 23. exd5 Bxf5 24. Rdh1 Bg6 25. Rxg5 fxg5 26. Qxg5 Qf7 0-1

[Event "Lichtenberger Sommer 2019"]
[Site "Berlin"]
[Date "2019.08.20"]
[Round "4.92"]
[White "Fontaine, Constantin"]
[Black "Koppe, Cordelia"]
[Result "0-1"]
[WhiteElo "1498"]
[BlackElo "1436"]
[PlyCount "52"]
[EventDate "2019.??.??"]
[WhiteTeam "SK Tempelhof 1931"]
[BlackTeam "SV Rüdersdorf"]

1. e4 d5 2. e5 Nc6 3. d4 Bf5 4. Bb5 e6 5. Nf3 Nge7 6. Bd3 Bg4 7. h3 Bxf3 8.
Qxf3 Nxd4 9. Qh5 g6 10. Qg4 Ndf5 11. Qa4+ c6 12. g4 Nh4 13. Bg5 Nf3+ 14. Ke2
Nxg5 15. f4 Ne4 16. Nc3 Ng3+ 17. Kd2 Nxh1 18. Rxh1 Qb6 19. f5 exf5 20. gxf5
Qf2+ 21. Ne2 Nxf5 22. c4 Bh6+ 23. Kc3 d4+ 24. Kc2 O-O 25. Bxf5 Qxf5+ 26. Kb3
Qf3+ 0-1

[Event "Lichtenberger Sommer 2019"]
[Site "Berlin"]
[Date "2019.08.20"]
[Round "4.93"]
[White "Lange, Christoph"]
[Black "Tschirschwitz, Stephan"]
[Result "1/2-1/2"]
[WhiteElo "1306"]
[BlackElo "1495"]
[PlyCount "41"]
[EventDate "2019.??.??"]
[WhiteTeam "TSG Oberschöneweide"]
[BlackTeam "Lasker Steglitz-Wilmersdorf"]

1. e4 c5 2. Nf3 Nc6 3. d4 cxd4 4. Nxd4 a6 5. Nc3 e6 6. Be3 Bb4 7. Qd2 Nf6 8. f3
h6 9. Bc4 O-O 10. Bb3 Qc7 11. a3 Bxc3 12. Qxc3 Qa5 13. Qxa5 Nxa5 14. O-O-O
Nxb3+ 15. Nxb3 d5 16. exd5 Nxd5 17. Rhe1 Bd7 18. Nc5 Bc6 19. Ne4 Nxe3 20. Rxe3
Bd5 21. Nc3 1/2-1/2

[Event "Lichtenberger Sommer 2019"]
[Site "Berlin"]
[Date "2019.08.21"]
[Round "5.1"]
[White "Stern, René"]
[Black "Figura, Atila Gajo"]
[Result "1-0"]
[WhiteElo "2515"]
[BlackElo "2394"]
[PlyCount "47"]
[EventDate "2019.??.??"]
[WhiteTeam "SK König Tegel"]
[BlackTeam "SK Zehlendorf"]

1. Nf3 c5 2. c4 Nc6 3. Nc3 g6 4. e3 Nf6 5. d4 cxd4 6. exd4 d5 7. cxd5 Nxd5 8.
Qb3 Nxc3 9. Bc4 e6 10. bxc3 Bg7 11. Ba3 Bf8 12. Bxf8 Kxf8 13. Be2 Kg7 14. h4 h6
15. h5 g5 16. O-O b6 17. Rad1 Bb7 18. c4 Re8 19. Qb2 Qf6 20. Ne5 Nxe5 21. dxe5
Qf4 22. Rd7 Red8 23. Rxb7 Rd2 24. Qb1 1-0

[Event "Lichtenberger Sommer 2019"]
[Site "Berlin"]
[Date "2019.08.21"]
[Round "5.2"]
[White "Ortmann, David"]
[Black "Ahmadinia, Ebrahim"]
[Result "0-1"]
[WhiteElo "2340"]
[BlackElo "2453"]
[PlyCount "96"]
[EventDate "2019.??.??"]
[WhiteTeam "SC Böblingen"]
[BlackTeam "SF 1903 Berlin"]

1. d4 d5 2. c4 c6 3. cxd5 cxd5 4. Bg5 h6 5. Bh4 Nc6 6. Nc3 g6 7. e3 Bg7 8. Qb3
g5 9. Bg3 Nf6 10. Bd3 e6 11. Nb5 O-O 12. h4 g4 13. Ne2 a6 14. Nbc3 b5 15. Nf4
Bd7 16. h5 Rc8 17. Bh4 Na5 18. Qd1 Nc4 19. Qe2 Qa5 20. Bxf6 Bxf6 21. Qxg4+ Bg7
22. Bxc4 Rxc4 23. O-O Qc7 24. Nd3 b4 25. Ne2 e5 26. Qg3 Rc2 27. Rac1 Bb5 28.
Nxb4 Rxc1 29. Rxc1 Qd6 30. a3 Bxe2 31. Rc6 Qd7 32. dxe5 Kh8 33. e6 Qe8 34. exf7
Rxf7 35. Rb6 Qe4 36. Qd6 Qb1+ 37. Kh2 Qf5 38. Qxd5 Qxf2 39. Qe4 Qf5 40. Qxf5
Rxf5 41. Nxa6 Rxh5+ 42. Kg1 Rf5 43. g3 Rf3 44. b4 Rxe3 45. Kf2 Re7 46. Nc5 Bg4
47. a4 Bd4+ 48. Kf1 Bh3# 0-1

[Event "Lichtenberger Sommer 2019"]
[Site "Berlin"]
[Date "2019.08.21"]
[Round "5.3"]
[White "Thinius, Marco"]
[Black "Barseghyan, Armen Ar"]
[Result "0-1"]
[WhiteElo "2404"]
[BlackElo "2313"]
[PlyCount "98"]
[EventDate "2019.??.??"]
[WhiteTeam "SV Empor Berlin"]

1. Nf3 c5 2. c4 g6 3. g3 Bg7 4. Bg2 Nf6 5. O-O O-O 6. d4 cxd4 7. Nxd4 Nc6 8.
Nc3 Qa5 9. Nb3 Qh5 10. c5 a5 11. e3 a4 12. Qxh5 Nxh5 13. Nd4 Nxd4 14. exd4 Bxd4
15. Bh6 Rd8 16. Nd5 e6 17. Nb6 Ra5 18. Nxc8 Rxc8 19. Rad1 e5 20. Be3 Rcxc5 21.
Bxd4 exd4 22. Rxd4 Nf6 23. Bxb7 Rcb5 24. Bf3 Rxb2 25. Ra1 g5 26. g4 h5 27. a3
hxg4 28. Bxg4 Nxg4 29. Rxg4 Kf8 30. Rd1 Ra2 31. Rxd7 Rxa3 32. h4 Rf3 33. Rxg5
Ra6 34. Rd2 a3 35. Ra2 Rb3 36. Rg3 Rg6 37. Rxg6 fxg6 38. Rc2 Rb8 39. Kg2 Ra8
40. Ra2 Kf7 41. Kg3 Kf6 42. Kg4 Ra4+ 43. Kg3 Kf5 44. f3 Ke5 45. Kh3 Kd5 46. Ra1
a2 47. Kg3 Ke5 48. Re1+ Kf5 49. Ra1 Ra6 0-1

[Event "Lichtenberger Sommer 2019"]
[Site "Berlin"]
[Date "2019.08.21"]
[Round "5.4"]
[White "Simon, Ralf-Axel"]
[Black "Rosmann, Ilja"]
[Result "0-1"]
[WhiteElo "2131"]
[BlackElo "2323"]
[PlyCount "68"]
[EventDate "2019.??.??"]
[WhiteTeam "SF Hannover"]
[BlackTeam "Königsspringer SC 1984"]

1. c4 e5 2. e3 Nf6 3. Nc3 Bb4 4. Nge2 O-O 5. Qb3 a5 6. a3 Be7 7. g3 Na6 8. Bg2
c6 9. d4 d6 10. O-O Qc7 11. Bd2 Be6 12. d5 Bf5 13. e4 Bg6 14. Be3 Nd7 15. Qc2
Nac5 16. b4 Nxe4 17. Bxe4 f5 18. Bd3 e4 19. Nxe4 fxe4 20. Bxe4 Bxe4 21. Qxe4
Bf6 22. Rad1 Rae8 23. Qg2 Ne5 24. Nf4 Nxc4 25. Ne6 Rxe6 26. dxe6 d5 27. Bf4 Qb6
28. Rxd5 cxd5 29. Qxd5 Qc6 30. Qxc6 bxc6 31. Rc1 Nxa3 32. Rxc6 axb4 33. Bd6 Re8
34. Bxb4 Nb5 0-1

[Event "Lichtenberger Sommer 2019"]
[Site "Berlin"]
[Date "2019.08.21"]
[Round "5.5"]
[White "Hillmann, Michael"]
[Black "Petersen, Soren Boeck"]
[Result "*"]
[WhiteElo "2138"]
[BlackElo "2218"]
[PlyCount "78"]
[EventDate "2019.??.??"]
[WhiteTeam "SV Sangerhausen"]
[BlackTeam "Damhus Skakklub"]

1. d4 d5 2. c4 dxc4 3. Nf3 Nf6 4. e3 Bg4 5. Bxc4 e6 6. O-O a6 7. Be2 Nc6 8.
Nbd2 Bd6 9. b3 O-O 10. Bb2 Qe7 11. h3 Bh5 12. Ne5 Bxe2 13. Qxe2 Bxe5 14. dxe5
Nd7 15. f4 Rfd8 16. Rfd1 Qb4 17. Rac1 Qb5 18. Qg4 Nc5 19. a4 Qd3 20. Nf1 Qxb3
21. Bd4 Nxa4 22. Ng3 Qb4 23. Rb1 Qf8 24. Rxb7 Rd7 25. Ne4 Kh8 26. Ra1 Nxd4 27.
Rxa4 Nf5 28. Qe2 h6 29. g4 Nh4 30. Rxa6 Rxa6 31. Qxa6 Qd8 32. Qe2 Qa8 33. Qb2
Qa5 34. Qb1 Rd8 35. Rb8 Qd5 36. Rxd8+ Qxd8 37. Kh2 Qd5 38. Qb8+ Kh7 39. Qb1 Kh8
*

[Event "Lichtenberger Sommer 2019"]
[Site "Berlin"]
[Date "2019.08.21"]
[Round "5.6"]
[White "Krefenstein, Sergej"]
[Black "Syre, Christian"]
[Result "0-1"]
[WhiteElo "2125"]
[BlackElo "2198"]
[PlyCount "186"]
[EventDate "2019.??.??"]
[WhiteTeam "BSC Rehberge"]

1. e4 d6 2. d4 g6 3. Nc3 c6 4. Be3 Qb6 5. a3 Bg7 6. Nf3 Nf6 7. h3 O-O 8. Bd3
Nbd7 9. O-O Qc7 10. Qd2 a6 11. a4 c5 12. Rfe1 cxd4 13. Bxd4 e5 14. Be3 b6 15.
Bg5 Bb7 16. Bf1 Rfc8 17. Rad1 Bf8 18. Qe3 Qc5 19. Qxc5 Rxc5 20. Nd2 Rac8 21. f3
h6 22. Be3 R5c7 23. Nb3 Kg7 24. Rd2 d5 25. Nxd5 Nxd5 26. exd5 Rxc2 27. Ree2
R2c4 28. a5 b5 29. Rd3 Rd8 30. Red2 Bb4 31. Rd1 Rc2 32. Bd2 Bd6 33. Bc3 b4 34.
R1d2 Rxd2 35. Bxd2 Nf6 36. Be3 Rc8 37. Rd2 Ng8 38. Kf2 Ne7 39. g4 f5 40. gxf5
gxf5 41. f4 exf4 42. Bd4+ Kf7 43. Bb6 f3 44. Nd4 Bf4 45. Rc2 Rxc2+ 46. Nxc2
Nxd5 47. Bc4 Kg6 48. Bc5 Bc1 49. b3 Bd2 50. Bxd5 Bxd5 51. Nxb4 Bb7 52. Nd3 Bxa5
53. Ne5+ Kf6 54. Nxf3 Bc3 55. b4 Bxf3 56. Kxf3 Ke5 57. Bf8 Bd2 58. Ke2 Bc1 59.
Kd3 Kd5 60. Kc2 Be3 61. Kd3 Bf4 62. Bg7 h5 63. Bc3 Bc1 64. Bg7 f4 65. Bh6 Be3
66. Bg7 Bc1 67. Bh6 Ke5 68. Bg7+ Kf5 69. Bf8 Be3 70. Bh6 Bb6 71. Bf8 Bc7 72.
Be7 Be5 73. Bc5 Bf6 74. Bf2 Be7 75. Be1 Bd6 76. Bc3 Bf8 77. Be1 Be7 78. Kd4 Bg5
79. Bf2 f3 80. Be3 Bxe3+ 81. Kxe3 Ke5 82. Kxf3 Kd4 83. h4 Kc4 84. Kf4 Kxb4 85.
Kg5 a5 86. Kxh5 a4 87. Kg6 a3 88. h5 a2 89. h6 a1=Q 90. Kh7 Qa7+ 91. Kg8 Qb8+
92. Kg7 Qe5+ 93. Kh7 Qg5 0-1

[Event "Lichtenberger Sommer 2019"]
[Site "Berlin"]
[Date "2019.08.21"]
[Round "5.7"]
[White "Fuchs, Dominik"]
[Black "Hesse, Henrik"]
[Result "1/2-1/2"]
[WhiteElo "1887"]
[BlackElo "2185"]
[PlyCount "115"]
[EventDate "2019.??.??"]
[WhiteTeam "SC Zitadelle Spandau"]
[BlackTeam "SV Mattnetz Berlin"]

1. e4 e5 2. Nf3 Nf6 3. Nxe5 d6 4. Nf3 Nxe4 5. d3 Nf6 6. d4 Be7 7. Bd3 O-O 8. h3
h6 9. O-O Be6 10. Nc3 Qd7 11. Ne2 Nc6 12. c3 d5 13. Bf4 Ne4 14. Qc2 g5 15. Ne5
Nxe5 16. Bxe5 f6 17. f3 Nd6 18. Bxd6 Bxd6 19. f4 Rae8 20. Rf2 Bf7 21. Raf1 g4
22. hxg4 Re3 23. Rf3 Rfe8 24. Rxe3 Rxe3 25. Rf3 Rxf3 26. gxf3 h5 27. Bg6 hxg4
28. Bxf7+ Qxf7 29. fxg4 Kg7 30. Ng3 Qe6 31. Qe2 Kf7 32. Qxe6+ Kxe6 33. Ne2 c5
34. dxc5 Bxc5+ 35. Nd4+ Kd6 36. b4 Bb6 37. Kg2 a5 38. a3 Ke7 39. Kf3 Bc7 40. g5
fxg5 41. fxg5 Kf7 42. Kg4 axb4 43. axb4 Be5 44. Ne2 Ke6 45. Nd4+ Kf7 46. Kf5
Bg7 47. Kg4 Be5 48. Kh5 Bg7 49. b5 b6 50. Kh4 Bh8 51. Kg3 Kg6 52. Kg4 Kf7 53.
Kf5 Bg7 54. Ne2 Ke7 55. Kg6 Be5 56. Kh7 Kd6 57. Nd4 Kc5 58. Kg6 1/2-1/2

[Event "Lichtenberger Sommer 2019"]
[Site "Berlin"]
[Date "2019.08.21"]
[Round "5.8"]
[White "Kornrumpf, Joachim"]
[Black "Nötzel, Felix"]
[Result "1-0"]
[WhiteElo "2099"]
[BlackElo "2262"]
[PlyCount "89"]
[EventDate "2019.??.??"]
[WhiteTeam "Preetzer TSV"]
[BlackTeam "SF 1903 Berlin"]

1. c4 e5 2. b3 Nc6 3. Bb2 Nf6 4. Nf3 e4 5. Nd4 Bc5 6. Nxc6 dxc6 7. e3 Bf5 8.
Be2 Qd6 9. Nc3 O-O-O 10. Qc2 Ba3 11. Bxa3 Qxa3 12. f3 Qe7 13. O-O Bg6 14. fxe4
Nxe4 15. Nxe4 Bxe4 16. Qc3 Qg5 17. Rf2 Rhe8 18. Bf1 f6 19. b4 Re7 20. a4 Red7
21. d4 Re7 22. b5 c5 23. d5 Rde8 24. Re1 Bg6 25. Rf3 Qe5 26. Qa3 Qd6 27. a5 h5
28. Rf4 Qxf4 29. exf4 Rxe1 30. Kf2 Bf5 31. Qxc5 b6 32. axb6 axb6 33. Qc6 Kb8
34. d6 cxd6 35. Qxb6+ Kc8 36. Qc6+ Kd8 37. Qxd6+ Bd7 38. b6 Rb1 39. Qc7+ Ke7
40. Bd3 Rb2+ 41. Ke3 Kf8+ 42. Kd4 Be6 43. Bg6 Rd2+ 44. Kc3 Red8 45. b7 1-0

[Event "Lichtenberger Sommer 2019"]
[Site "Berlin"]
[Date "2019.08.21"]
[Round "5.9"]
[White "George, Tom"]
[Black "Braeunlin, Herbert"]
[Result "0-1"]
[WhiteElo "2210"]
[BlackElo "2091"]
[PlyCount "86"]
[EventDate "2019.??.??"]
[WhiteTeam "SG Stadtilm"]

1. e4 c5 2. Nf3 d6 3. d4 cxd4 4. Nxd4 Nf6 5. Nc3 a6 6. Be3 e5 7. Nb3 Be6 8. f4
exf4 9. Bxf4 Nc6 10. Qe2 Qc7 11. h3 Be7 12. O-O-O Ne5 13. g4 Rc8 14. g5 Nfd7
15. Nd5 Bxd5 16. Rxd5 Nb6 17. Rd4 Nf3 18. Rd3 Nxg5 19. Nd4 g6 20. h4 Ne6 21.
Nxe6 fxe6 22. Rc3 Qd8 23. Rxc8 Nxc8 24. Qg4 e5 25. Bh6 Qd7 26. Qe2 Nb6 27. Bh3
Qa4 28. Be6 d5 29. Bxd5 Nxd5 30. exd5 Qxa2 31. Qxe5 Qa1+ 32. Kd2 Qxh1 33. Bg5
Qg2+ 34. Ke1 O-O 35. Qe6+ Rf7 36. Bxe7 Qf2+ 37. Kd1 Qf5 38. Qxf5 Rxf5 39. c4
Kf7 40. Bg5 Rf2 41. b4 Rh2 42. c5 h6 43. Bd8 Rg2 0-1

[Event "Lichtenberger Sommer 2019"]
[Site "Berlin"]
[Date "2019.08.21"]
[Round "5.10"]
[White "Neffe, Axel"]
[Black "Bui, Bao Anh Le"]
[Result "1-0"]
[WhiteElo "2198"]
[BlackElo "2087"]
[PlyCount "53"]
[EventDate "2019.??.??"]
[WhiteTeam "SF Hamburg"]
[BlackTeam "SV Mattnetz Berlin"]

1. e4 c5 2. Nf3 d6 3. d4 cxd4 4. Nxd4 Nf6 5. Nc3 a6 6. Bc4 e6 7. Bb3 Nbd7 8.
Qe2 Nc5 9. g4 d5 10. Bg5 Nxb3 11. axb3 Bc5 12. O-O-O h6 13. Bh4 Qc7 14. e5 Nd7
15. Bg3 b5 16. Nxd5 Qa7 17. Nc6 Qb7 18. Na5 Qa7 19. b4 exd5 20. e6 Be3+ 21.
fxe3 fxe6 22. e4 O-O 23. exd5 exd5 24. g5 Qb6 25. Rxd5 Bb7 26. Nxb7 Qxb7 27.
Qe6+ 1-0

[Event "Lichtenberger Sommer 2019"]
[Site "Berlin"]
[Date "2019.08.21"]
[Round "5.11"]
[White "Heuser, Philip"]
[Black "Kohler, Thomas"]
[Result "1-0"]
[WhiteElo "2064"]
[BlackElo "2178"]
[PlyCount "47"]
[EventDate "2019.??.??"]
[WhiteTeam "Münchener SC"]
[BlackTeam "SC Zitadelle Spandau"]

1. d4 d6 2. Nf3 g6 3. g3 Bg7 4. Bg2 Nf6 5. O-O O-O 6. c4 Nc6 7. Nc3 e5 8. dxe5
dxe5 9. Bg5 Be6 10. Qc1 Qc8 11. Rd1 Nd7 12. Nd5 e4 13. Nd2 f5 14. Nb3 Kh8 15.
Bh6 Bxh6 16. Qxh6 Nde5 17. Qc1 Rf7 18. Qc3 Kg8 19. f3 exf3 20. exf3 f4 21. Re1
fxg3 22. hxg3 Bxd5 23. cxd5 Nxf3+ 24. Bxf3 1-0

[Event "Lichtenberger Sommer 2019"]
[Site "Berlin"]
[Date "2019.08.21"]
[Round "5.12"]
[White "Hermannsdörfer, Frank"]
[Black "Sabrowski, Uwe"]
[Result "1/2-1/2"]
[WhiteElo "2177"]
[BlackElo "2073"]
[PlyCount "144"]
[EventDate "2019.??.??"]
[WhiteTeam "SV Liebschwitz"]
[BlackTeam "SV Berolina Mitte"]

1. b3 e5 2. Bb2 Nc6 3. e3 a6 4. c4 g6 5. Nf3 Bg7 6. Nc3 Nge7 7. Qc2 O-O 8. a3
d5 9. cxd5 Nxd5 10. Nxd5 Qxd5 11. d3 Be6 12. Nd2 Rad8 13. b4 Rfe8 14. Ne4 h6
15. Qc5 Qxc5 16. Nxc5 Bc8 17. Rc1 Ne7 18. Be2 Nd5 19. O-O c6 20. Rfd1 Nc7 21.
Nb3 Ne6 22. Na5 Nc7 23. Rd2 Nd5 24. Bd1 Re7 25. g3 Kh7 26. Bc2 Nb6 27. Kg2 Be6
28. Rcd1 Red7 29. Bb3 Bf5 30. Bc2 Be6 31. Bc3 Nd5 32. Ba1 Nb6 33. Nb3 Bxb3 34.
Bxb3 e4 35. Bxg7 Kxg7 36. d4 Nd5 37. Rc1 f5 38. Rc5 Kf6 39. Rb2 Rd6 40. Rc1
R8d7 41. Bc4 Nb6 42. Be2 Rg7 43. Bd1 Nd5 44. Bb3 Nc7 45. Rc5 Re7 46. h4 Re8 47.
a4 Re7 48. Rc1 Red7 49. Bc4 Nd5 50. b5 axb5 51. axb5 Ne7 52. Rcb1 Rc7 53. bxc6
bxc6 54. Rb8 Kg7 55. Re8 Nd5 56. Rbb8 h5 57. Rg8+ Kf6 58. Rbf8+ Rf7 59. Rb8 Ra7
60. Rh8 Kg7 61. Rbg8+ Kf6 62. Rc8 Kg7 63. Rhe8 Re7 64. Red8 Rxd8 65. Rxd8 Nb6
66. Bb3 Ra7 67. f3 exf3+ 68. Kxf3 Nd7 69. Kf4 Nf8 70. e4 Rb7 71. Ba2 Ra7 72.
Bb3 Rb7 1/2-1/2

[Event "Lichtenberger Sommer 2019"]
[Site "Berlin"]
[Date "2019.08.21"]
[Round "5.13"]
[White "Nöldner, Julian"]
[Black "Zeitz, Philip"]
[Result "0-1"]
[WhiteElo "1975"]
[BlackElo "2170"]
[PlyCount "79"]
[EventDate "2019.??.??"]
[WhiteTeam "SV Empor Berlin"]
[BlackTeam "SC Kreuzberg"]

1. e4 Nf6 2. e5 Nd5 3. d4 d6 4. c4 Nb6 5. exd6 cxd6 6. Nc3 g6 7. h3 Bg7 8. Nf3
Nc6 9. Be2 O-O 10. O-O a6 11. Re1 e5 12. Bg5 Qc7 13. c5 dxc5 14. dxc5 Nd7 15.
Nd5 Qb8 16. Bc4 Kh8 17. Qd2 f6 18. Bh6 b5 19. cxb6 Nxb6 20. Bb3 Nxd5 21. Bxg7+
Kxg7 22. Qxd5 Ne7 23. Qc5 Qa7 24. Rac1 Qxc5 25. Rxc5 Ra7 26. Rec1 Rd8 27. Rc7
Rxc7 28. Rxc7 Rd7 29. Rxd7 Bxd7 30. Bc4 a5 31. Kf1 Bc6 32. Ne1 f5 33. a3 Kf6
34. b4 axb4 35. axb4 e4 36. Nc2 Ke5 37. Ke1 Nc8 38. Kd2 Nd6 39. Ba6 f4 40. g3
0-1

[Event "Lichtenberger Sommer 2019"]
[Site "Berlin"]
[Date "2019.08.21"]
[Round "5.14"]
[White "Amelang, Thomas"]
[Black "Meyer-Dunker, Paul"]
[Result "0-1"]
[WhiteElo "2165"]
[BlackElo "2064"]
[PlyCount "74"]
[EventDate "2019.??.??"]
[WhiteTeam "Münchener SC"]
[BlackTeam "TSG Oberschöneweide"]

1. e4 e5 2. Nf3 Nc6 3. Bb5 f5 4. d4 fxe4 5. Nxe5 Nxe5 6. dxe5 c6 7. Bc4 Qa5+ 8.
Nc3 Qxe5 9. Bxg8 Rxg8 10. Be3 d5 11. Qd2 Bb4 12. Bd4 Qc7 13. a3 Ba5 14. Qg5 Qe7
15. Qe3 Bg4 16. Bxa7 Bc7 17. Bc5 Qe5 18. Bd4 Qf4 19. Qxf4 Bxf4 20. O-O Bd6 21.
f3 exf3 22. h3 Bh5 23. g4 Bg6 24. Rxf3 Kd7 25. Raf1 Rae8 26. Na4 Re7 27. c3
Rge8 28. Nc5+ Kc7 29. b4 b6 30. Nd3 Be4 31. Re3 Ra8 32. Nf2 c5 33. bxc5 bxc5
34. Nxe4 cxd4 35. cxd4 dxe4 36. Rc1+ Kd7 37. Rec3 Ra4 0-1

[Event "Lichtenberger Sommer 2019"]
[Site "Berlin"]
[Date "2019.08.21"]
[Round "5.15"]
[White "Wierzbicki, Jirawat"]
[Black "Silz, Elisa"]
[Result "1/2-1/2"]
[WhiteElo "2160"]
[BlackElo "2011"]
[PlyCount "84"]
[EventDate "2019.??.??"]
[WhiteTeam "SK König Tegel"]
[BlackTeam "SV Empor Berlin"]

1. e4 c5 2. Nf3 d6 3. Bc4 e6 4. c3 Nf6 5. d3 Be7 6. Bb3 b6 7. O-O O-O 8. Re1
Bb7 9. Nbd2 Nbd7 10. Nf1 Re8 11. Ng3 Nf8 12. h3 Qc7 13. Qe2 Ba6 14. Nh2 Rac8
15. Bc2 d5 16. e5 N6d7 17. f4 f5 18. exf6 Nxf6 19. Ng4 N6d7 20. c4 Bh4 21. Kh2
d4 22. Rf1 Bxg3+ 23. Kxg3 e5 24. f5 h5 25. Nh2 Nf6 26. h4 Bb7 27. Kh3 e4 28.
dxe4 Bxe4 29. Bxe4 Rxe4 30. Qf3 Rce8 31. Bf4 Qd7 32. g3 Qxf5+ 33. Kg2 Re2+ 34.
Rf2 Qc2 35. Raf1 d3 36. Rxe2 Rxe2+ 37. Rf2 Ng4 38. Nxg4 hxg4 39. Qd5+ Ne6 40.
Rxe2 Qxe2+ 41. Kg1 Qe1+ 42. Kg2 Qe2+ 1/2-1/2

[Event "Lichtenberger Sommer 2019"]
[Site "Berlin"]
[Date "2019.08.21"]
[Round "5.16"]
[White "Tschernatsch, Johannes"]
[Black "Schäfer, Heiko"]
[Result "1-0"]
[WhiteElo "2155"]
[BlackElo "2002"]
[PlyCount "127"]
[EventDate "2019.??.??"]
[WhiteTeam "SC Empor Potsdam"]
[BlackTeam "Potsdamer SV"]

1. e4 e6 2. d4 d5 3. Nd2 c5 4. exd5 Qxd5 5. Ngf3 cxd4 6. Bc4 Qd6 7. O-O Nf6 8.
Nb3 Nc6 9. Nbxd4 Nxd4 10. Nxd4 Bd7 11. Be3 Qc7 12. Qe2 Rc8 13. b3 a6 14. Rfd1
Bd6 15. h3 O-O 16. Bg5 Nd5 17. Bxd5 exd5 18. Qf3 Rfe8 19. c3 Re4 20. Nf5 Bf8
21. Ng3 Re6 22. Qxd5 Bc6 23. Qd4 Rce8 24. Bf4 Qa5 25. Qd2 g6 26. a4 Bg7 27. b4
Qb6 28. a5 Qb5 29. Rac1 Qc4 30. Be3 h5 31. Qd3 Bb5 32. Qxc4 Bxc4 33. Nf1 Bf8
34. Rd7 R6e7 35. Rxe7 Bxe7 36. Nd2 Be6 37. Nf3 Rc8 38. Bg5 f6 39. Be3 Kg7 40.
Kf1 g5 41. Nd4 Bc4+ 42. Ke1 Kg6 43. f4 h4 44. Kd2 Bd6 45. fxg5 fxg5 46. Nf3 Re8
47. Rd1 Bg3 48. Nxg5 Rxe3 49. Kxe3 Kxg5 50. Kd4 Bb5 51. c4 Bf2+ 52. Kc3 Bc6 53.
Rd8 Be3 54. b5 axb5 55. cxb5 Bxb5 56. Rd5+ Kf4 57. Rxb5 Bg1 58. Kc4 Kg3 59.
Rxb7 Kxg2 60. Rg7+ Kh2 61. Kd3 Bf2 62. Ke2 Bg3 63. Kf3 Be1 64. Rg5 1-0

[Event "Lichtenberger Sommer 2019"]
[Site "Berlin"]
[Date "2019.08.21"]
[Round "5.17"]
[White "Püschel, Werner"]
[Black "Brümmel, Arend"]
[Result "0-1"]
[WhiteElo "2012"]
[BlackElo "2129"]
[PlyCount "103"]
[EventDate "2019.??.??"]
[WhiteTeam "SV Briesen"]
[BlackTeam "Stader SV"]

1. e4 Nf6 2. d3 e5 3. Nf3 Nc6 4. c3 Be7 5. b4 a6 6. Be2 O-O 7. a3 d5 8. Qc2 Re8
9. O-O h6 10. Re1 Bf8 11. Nbd2 Bg4 12. Nf1 d4 13. c4 Qd6 14. Ng3 g6 15. Nd2 Be6
16. c5 Qd7 17. Nc4 Rab8 18. Bd2 b5 19. Nb2 Ra8 20. Reb1 a5 21. Nd1 Ra7 22. f3
Rea8 23. Qc1 Kh7 24. Nf2 axb4 25. axb4 Ba2 26. Rb2 Ra3 27. Qe1 Qc8 28. h3 Qa6
29. Kh2 Be6 30. Rxa3 Qxa3 31. Qb1 h5 32. Nf1 Bh6 33. Be1 Qa1 34. Kg1 Bc1 35.
Qxa1 Rxa1 36. Rc2 Bb3 37. Rxc1 Rxc1 38. Bd2 Rb1 39. f4 Nd7 40. g4 h4 41. g5 Be6
42. Ng4 Nxb4 43. Bxb4 Rxb4 44. c6 Bxg4 45. Bxg4 Nb8 46. fxe5 Nxc6 47. e6 fxe6
48. Bxe6 Rb2 49. Nh2 Ne5 50. Bd5 Rd2 51. Ng4 Nxg4 52. hxg4 0-1